| 000 | 00634nam a22001937a 4500 | ||
|---|---|---|---|
| 005 | 20251108164058.0 | ||
| 008 | 250721s1994 xx 000 0 ara d | ||
| 082 | 1 | 4 | _a216,911/وصف |
| 100 | 1 | _aوصفي، مصطفى كمال | |
| 245 | 1 | 0 |
_aالنظام الدستوري في الإسلام : _bمقارنا بالنظم العصرية / |
| 250 | _aط.2. | ||
| 264 | 1 |
_aالقاهرة : _bمكتبة وهبه، _c1994. |
|
| 300 | _a219ص. | ||
| 650 | 1 | 7 | _aنظام الحكم في الإسلام |
| 650 | 1 | 7 | _aالأحكام السلطانية |
| 650 | 1 | 7 | _aالقانون الدستوري |
| 942 |
_2ddc _cBK |
||
| 999 |
_c3060 _d3060 |
||